Представление документа в формате MARC21

Поле Инд. ПП Название Значение
Тип записи a
Библиографический уровень m
001 Контрольный номер RU/LIBMSTU/277832238
005 Дата корректировки 20140506151317.2
008 Кодируемые данные 081023|||||||||ru |||||||||||000|||rus||
020 a ISBN 5-7399-0143-Х
c Цена, тираж 120-00
040 b Код языка каталог. rus
041 a Код языка текста rus
084 a Индекс другой классификации/Индекс ББК 39.42г+39.4г
090 a Полочн. индекс 39.42
x Авторский знак М 67
100 1_ a Автор Митрофанов В. П.
245 10 a Заглавие Командир. Коммодор. Капитан
b Продолж. заглавия Второе и третье рождение четырехмачтового барка "Седов"
260 a Место издания Санкт-Петербург
b Издательство Элмор
c Дата издания 2008
300 a Объем 385, [1] с.
650 a Основная рубрика Судостроение-История
653 a Ключевые слова Судостроение
653 1_ a Ключевые слова История судостроения
653 1_ a Ключевые слова Барк "Седов"
653 1_ a Ключевые слова Суда парусные
901 t Тип документа m